| 000 | 00919nam a2200289Ia 4500 | ||
|---|---|---|---|
| 005 | 20220316235949.0 | ||
| 008 | 141017s2007 sp 0 sgr sp sj spa | ||
| 020 | _a842612514X | ||
| 041 | 1 | _aspa | |
| 100 | 1 | _aWilhelm, Hans | |
| 245 | 1 | 1 |
_a¡Seamos amigos otra vez! _cHans Wilhelm ; traducción de Concepción Zendrera |
| 250 | _aTercera edición | ||
| 300 |
_a30 páginas _bilustraciones _c18 cm |
||
| 534 | _tLet's be friends, again | ||
| 650 | 1 | 4 |
_aCuentos infantiles _2LEMB |
| 650 | 1 | 4 |
_aLiteratura infantil _2LEMB |
| 650 | 1 | 4 |
_aRelación hermanos _vCuentos _2LEMB |
| 650 | 1 | 4 |
_aNiñas _vCuentos _2LEMB |
| 700 | 1 |
_aZendrera, Concepción _etraductor _912015 |
|
| 942 |
_2loc _cBKINF |
||
| 264 |
_aBarcelona _bJuventud _c2007 |
||
| 336 |
_atexto _btxt _2rdacontent |
||
| 337 |
_asin mediación _bn _2rdamedia |
||
| 338 |
_avolumen _bnc _2rdacarrier |
||
| 040 |
_aCO-BoRNBP _bspa _erda _cCO-BoRNBP |
||
| 084 | _aC WIL7 | ||
| 999 |
_c2752 _d2752 |
||